Elenca la formazione - Finale UEFA Champions League 1996-1997 - Statistics

Statistiche generali
  • Questo quiz è stato fatto 25 volte
  • Il punteggio medio è 9 su 22
Statistiche sulle risposte
Ruolo Nazione Calciatore % Corretto
Portiere Italia Angelo Peruzzi
85%
Difensore Uruguay Paolo Montero
85%
Difensore Italia Ciro Ferrara
80%
Centrocampista Francia Didier Deschamps
80%
Centrocampista Francia Zinédine Zidane
75%
Centrocampista Jugoslavia Vladimir Jugović
65%
Attaccante Croazia Alen Bokšić
60%
Attaccante Italia Christian Vieri
55%
Difensore Italia Mark Iuliano
50%
Difensore Germania Matthias Sammer
50%
Centrocampista Portogallo Paulo Sousa
50%
Attaccante Germania Karl-Heinz Riedle
40%
Centrocampista Italia Angelo Di Livio
35%
Difensore Germania Jürgen Kohler
25%
Attaccante Svizzera Stéphane Chapuisat
25%
Portiere Germania Stefan Klos
20%
Centrocampista Scozia Paul Lambert
15%
Difensore Italia Sergio Porrini
15%
Centrocampista Germania Stefan Reuter
15%
Trequartista Germania Andreas Möller
10%
Centrocampista Germania Jörg Heinrich
5%
Difensore Germania Martin Kree
5%
Nessun quiz corrispondente trovato
Distribuzione punteggi
Percentuale di utenti per punteggio
Percentile per numero di risposta
I tuoi punteggi nel tempo
Non hai fatto questo quiz